000
00310nam a22001337a 4500
008
170529b xxu||||| |||| 00| 0 eng d
020
_a
9780876295748
041
_a
eng
080
_2
3 ED
_a
621
100
_a
27
101
_a
IM
245
_a
MECHANICAL ESTIMATING METHODS
_c
MEANS.R..S
942
_2
udc
_c
BK
999
_c
14705
_d
14705